South east Asia and world politics (Record no. 34904)
[ view plain ]
| 000 -LEADER | |
|---|---|
| fixed length control field | 00656nam a2200181Ia 4500 |
| 020 ## - INTERNATIONAL STANDARD BOOK NUMBER | |
| ISBN | 9789351116561 |
| 050 ## - CALL MARK | |
| Classification number | DS 448 .P73/ |
| 100 ## - STATEMENT OF RESPONSIBILITY--MAIN AUTHOR NAME | |
| Personal name | Prakash, Anand |
| 245 #0 - TITLE STATEMENT | |
| Title | South east Asia and world politics |
| 260 ## - PUBLICATION, DISTRIBUTION, ETC. (IMPRINT) | |
| Place of publication | New Delhi |
| 260 ## - PUBLICATION, DISTRIBUTION, ETC. (IMPRINT) | |
| Name of publisher | Ramdom Publications |
| 260 ## - PUBLICATION, DISTRIBUTION, ETC. (IMPRINT) | |
| Year of publication | 2015 |
| 300 ## - PHYSICAL DESCRIPTION | |
| Number of Pages | 278 p |
| 650 ## - SUBJECT ADDED ENTRY--TOPICAL TERM | |
| Topical Term | India--Foreign relations--1947-1984. India--Foreign relations--1984- India--Foreign relations--South Asia. South Asia--Foreign relations--India. South Asia--Economic integration. India--Strategic aspects. South Asia--Strategic aspects. |
| 942 ## - ADDED ENTRY ELEMENTS (KOHA) | |
| Koha item type | Books |
| Withdrawn status | Lost status | Source of classification or shelving scheme | Damaged status | Not for loan | Permanent Location | Current Location | Shelving location | Date acquired | Accession Number | Price effective from | Koha item type |
|---|---|---|---|---|---|---|---|---|---|---|---|
| Library of Congress Classification | NILE UNIVERSITY OF NIGERIA - MAIN LIBRARY | NILE UNIVERSITY OF NIGERIA - MAIN LIBRARY | Items on shelf | 04/23/2025 | 0192992 | 04/23/2025 | Books |